Антропология: учебное пособие
| Korporacja: | |
|---|---|
| Kolejni autorzy: | |
| Streszczenie: | Заглавие с титульного экрана В пособии изложены междисциплинарные научные антропологические представления о сущности человека и его родовых свойствах. На основе системного подхода рассмотрены концепции возникновения человека, развития человечности. Обоснованы индивидуальные различия людей, дано понятие акме в контексте развития человека. Обоснованы исторические типы воспитания человека и воспитательные традиции Восточной и Западной цивилизаций. Выделены и проанализированы наиболее важные феномены человеческого бытия: одиночество, любовь, смерть. Материал пособия, построенного на синтезе разных наук - психологии, философии, культурологии, социологии, педагогики и др., дает возможность расширения знаний о природных, социальных и культурных аспектах жизни человека. Предназначено для студентов, обучающихся по направлению 034700 "документоведение и архивоведение", профиль подготовки "Документоведение и документационное обеспечение управления". Режим доступа: из корпоративной сети ТПУ |
| Język: | rosyjski |
| Wydane: |
Томск, Изд-во ТПУ, 2012
|
| Hasła przedmiotowe: | |
| Dostęp online: | http://www.lib.tpu.ru/fulltext2/m/2012/m476.pdf |
| Format: | Elektroniczne Książka |
| KOHA link: | https://koha.lib.tpu.ru/cgi-bin/koha/opac-detail.pl?biblionumber=228957 |
MARC
| LEADER | 00000nlm0a2200000 4500 | ||
|---|---|---|---|
| 001 | 228957 | ||
| 005 | 20231101230916.0 | ||
| 035 | |a (RuTPU)RU\TPU\book\249487 | ||
| 090 | |a 228957 | ||
| 100 | |a 20121224d2012 m y0rusy50 ca | ||
| 101 | 0 | |a rus | |
| 102 | |a RU | ||
| 105 | |a a j 001zy | ||
| 135 | |a drcn ---uucaa | ||
| 181 | 0 | |a i | |
| 182 | 0 | |a b | |
| 200 | 1 | |a Антропология |b Электронный ресурс |e учебное пособие |f Национальный исследовательский Томский политехнический университет (ТПУ) ; сост. Л. С. Федорчук | |
| 203 | |a Текст |c электронный | ||
| 210 | |a Томск |c Изд-во ТПУ |d 2012 | ||
| 230 | |a 1 компьютерный файл (pdf; 1.2 MB) | ||
| 300 | |a Заглавие с титульного экрана | ||
| 330 | |a В пособии изложены междисциплинарные научные антропологические представления о сущности человека и его родовых свойствах. На основе системного подхода рассмотрены концепции возникновения человека, развития человечности. Обоснованы индивидуальные различия людей, дано понятие акме в контексте развития человека. Обоснованы исторические типы воспитания человека и воспитательные традиции Восточной и Западной цивилизаций. Выделены и проанализированы наиболее важные феномены человеческого бытия: одиночество, любовь, смерть. Материал пособия, построенного на синтезе разных наук - психологии, философии, культурологии, социологии, педагогики и др., дает возможность расширения знаний о природных, социальных и культурных аспектах жизни человека. Предназначено для студентов, обучающихся по направлению 034700 "документоведение и архивоведение", профиль подготовки "Документоведение и документационное обеспечение управления". | ||
| 333 | |a Режим доступа: из корпоративной сети ТПУ | ||
| 337 | |a Adobe Reader | ||
| 606 | 1 | |a Антропология |2 stltpush |3 (RuTPU)RU\TPU\subj\29277 |9 52647 | |
| 610 | 1 | |a электронный ресурс | |
| 610 | 1 | |a труды учёных ТПУ | |
| 610 | 1 | |a учебные пособия | |
| 610 | 1 | |a человекознание | |
| 610 | 1 | |a антропологическое познание | |
| 610 | 1 | |a феномены | |
| 610 | 1 | |a человек | |
| 610 | 1 | |a происхождение | |
| 610 | 1 | |a научное знание | |
| 610 | 1 | |a человеческое бытие | |
| 610 | 1 | |a индивидуальные различия | |
| 610 | 1 | |a социально-психологические факторы | |
| 610 | 1 | |a воспитание | |
| 675 | |a 572(075.8) |v 3 | ||
| 702 | 1 | |a Федорчук |b Л. С. |c специалист в области организации высшего профессионального образования |c старший преподаватель Томского политехнического университета |f 1949- |g Любовь Семеновна |2 stltpush |3 (RuTPU)RU\TPU\pers\29732 |4 220 | |
| 712 | 0 | 2 | |a Национальный исследовательский Томский политехнический университет (ТПУ) |c (2009- ) |2 stltpush |3 (RuTPU)RU\TPU\col\15902 |
| 801 | 1 | |a RU |b 63413507 |c 20121224 | |
| 801 | 2 | |a RU |b 63413507 |c 20130423 |g RCR | |
| 856 | 4 | |u http://www.lib.tpu.ru/fulltext2/m/2012/m476.pdf | |
| 942 | |c CF | ||